EVERY Billboard Hot 100 #1 Hit of 2007 - Statistics

General Stats
  • This quiz has been taken 7 times
  • The average score is 22 of 52
Answer Stats
Issue Date #1 Hit Artist % Correct
May 5 Girlfriend Avril Lavigne
80%
June 9 Umbrella Rihanna ft. Jay-Z
80%
June 16 Umbrella Rihanna ft. Jay-Z
80%
June 23 Umbrella Rihanna ft. Jay-Z
80%
June 30 Umbrella Rihanna ft. Jay-Z
80%
July 7 Umbrella Rihanna ft. Jay-Z
80%
July 14 Umbrella Rihanna ft. Jay-Z
80%
July 21 Umbrella Rihanna ft. Jay-Z
80%
August 11 Beautiful Girls Sean Kingston
60%
August 18 Beautiful Girls Sean Kingston
60%
August 25 Beautiful Girls Sean Kingston
60%
September 1 Beautiful Girls Sean Kingston
60%
March 24 Glamorous Fergie ft. Ludacris
60%
March 31 Glamorous Fergie ft. Ludacris
60%
July 28 Hey There Delilah Plain White T's
60%
August 4 Hey There Delilah Plain White T's
60%
January 6 Irreplaceable Beyoncé
60%
January 13 Irreplaceable Beyoncé
60%
January 20 Irreplaceable Beyoncé
60%
January 27 Irreplaceable Beyoncé
60%
February 3 Irreplaceable Beyoncé
60%
February 10 Irreplaceable Beyoncé
60%
February 17 Irreplaceable Beyoncé
60%
September 8 Big Girls Don't Cry Fergie
40%
September 15 Crank That (Soulja Boy) Soulja Boy Tell 'Em
40%
September 22 Crank That (Soulja Boy) Soulja Boy Tell 'Em
40%
October 6 Crank That (Soulja Boy) Soulja Boy Tell 'Em
40%
October 13 Crank That (Soulja Boy) Soulja Boy Tell 'Em
40%
October 20 Crank That (Soulja Boy) Soulja Boy Tell 'Em
40%
October 27 Crank That (Soulja Boy) Soulja Boy Tell 'Em
40%
November 3 Crank That (Soulja Boy) Soulja Boy Tell 'Em
40%
December 1 No One Alicia Keys
40%
December 8 No One Alicia Keys
40%
December 15 No One Alicia Keys
40%
December 22 No One Alicia Keys
40%
December 29 No One Alicia Keys
40%
September 29 Stronger Kanye West
40%
April 21 Give It to Me Timbaland ft. Nelly Furtado and Justin Timberlake
20%
April 28 Give It to Me Timbaland ft. Nelly Furtado and Justin Timberlake
20%
February 24 Say It Right Nelly Furtado
20%
March 3 What Goes Around...Comes Around Justin Timberlake
20%
May 26 Buy U a Drank (Shawty Snappin') T-Pain ft. Yung Joc
0%
April 7 Don't Matter Akon
0%
April 14 Don't Matter Akon
0%
November 10 Kiss Kiss Chris Brown ft. T-Pain
0%
November 17 Kiss Kiss Chris Brown ft. T-Pain
0%
November 24 Kiss Kiss Chris Brown ft. T-Pain
0%
May 12 Makes Me Wonder Maroon 5
0%
May 19 Makes Me Wonder Maroon 5
0%
June 2 Makes Me Wonder Maroon 5
0%
March 10 This Is Why I'm Hot MIMS
0%
March 17 This Is Why I'm Hot MIMS
0%
No matching quizzes found
Score Distribution
Percent of People with Each Score
Percentile by Number Answered
Your Score History
You have not taken this quiz